000 00540nam a2200181Ia 4500
005 20250508155901.0
008 008 250505s9999 xx 000 0 urd d
037 _aBooks to be hide in OPAC
040 _aFEDL
_beng
_cFEDL
041 _aurd
_2eng
084 _a309.230 954, IND/O
_qFEDL
245 0 _a3rd five year plan: Sammary
245 0 _cIndia, Planning Commission
260 _aDelhi, India
_bMinistry of Publication
_c1962
300 _a248p.
942 _cHB
_h309.230 954, IND/O
999 _c1359839
_d1359839